A história de Fernão Capelo Gaivota (Record no. 183265)

MARC details
000 -LÍDER
campo de controle de tamanho fixo 00399 a2200169 4500
001 - NÚMERO DE CONTROLE
campo de controle 183265
020 ## - ISBN - INTERNATIONAL STANDARD BOOK NUMBER
ISBN - International Standard Book Number
040 ## - FONTE DA CATALOGAÇÃO
Instituição que transcreveu o registro Magnum
100 ## - ENTRADA PRINCIPAL--NOME PESSOAL
Nome pessoal Bach, Richard
240 10 - TÍTULO UNIFORME
Título uniforme A história de Fernão Capelo Gaivota
Idioma da obra por
245 10 - TÍTULO
Título A história de Fernão Capelo Gaivota
300 ## - DESCRIÇÃO FÍSICA
Extensão 148
362 0# - DATAS DE PUBLICAÇÃO E/OU DESIGNAÇÃO SEQUENCIAL
Datas de publicação e/ou designação sequencial 1975
440 #1 - DECLARAÇÃO DE SÉRIE/ENTRADA ADICIONADA--TÍTULO
Título Círculo do Livro
697 ## - ENTRADA DE ASSUNTO LOCAL--ENTIDADE COLETIVA (RLIN)
Nome corporativo ou nome da jurisdição LITERATURA GERAL ESTRANGEIRA
942 ## - ELEMENTOS DE ENTRADA ADICIONADOS (KOHA)
Tipo de material Koha Livros
Holdings
Situação do descarte Situação das perdas Situação física Não pode ser emprestado Biblioteca de origem Biblioteca atual Data de aquisição Total de empréstimos Número de chamada completo Código de barras Data de último acesso Data do preço efetivo Tipo de material Koha Fonte da classificação ou esquema de arquivamento na estante Nota pública
        Magnum Magnum 08/06/2024   890.2.186 MAG00036425 08/06/2024 08/06/2024 Livros    
        Novo Tempo - Aureliano São José Novo Tempo - Aureliano São José 12/07/2024     fm244 12/07/2024 12/07/2024 Livros Classificação Decimal de Dewey FD2/EM